000 01901cam a2200373 i 4500
999 _c64649
_d64649
001 934447
003 CO-MdFUSB
005 20181026130339.0
008 740529t1974 ctu g b -001 0 eng
010 _a73086893
020 _a9780300016239
020 _a9780300026023
020 _a0300016239
020 _a0300026021
040 _aCO-MdFUSB
_bspa
_cCO-MdFUSB
_dCO-MdFUSB
_erda
041 _aeng
082 _224
_aG 220.66
_bF862e
100 1 _aFrei, Hans W.
_eautor
245 1 4 _aThe eclipse of Biblical narrative
_b: A study in eighteenth and nineteenth century hermeneutics
_c/ Hans W. Frei.
264 1 _aNew Haven, CT :
_bYale University Press,
_c℗[1974]
264 4 _c©1974
300 _aix, 355 páginas ;
_c22 cm.
336 _2rdacontent.
_atexto
_btxt
337 _2rdamedia.
_asin mediación
_bn
338 _2rdacarrier.
_avolumen
_bnc
501 _aIncluye índice (páginas 349)
505 0 _aInterpretación precrítica de la narrativa bíblica -- Cambio de interpretación: el siglo XVIII -- Anthony Collins: significado, referencia y profecía -- Hermenéutica y significado como referencia -- Hermenéutica bíblica y apologética religiosa -- Apologética, crítica y la pérdida de la interpretación narrativa -- Hermenéutica y autoridad bíblica en el pensamiento alemán -- La búsqueda de un significado unitario -- Herder en la Biblia: el espíritu realista en la historia -- La falta de realismo en las letras alemanas -- La perfección de Strauss de lo "mítico" opción -- Opciones hermenéuticas al final del siglo -- Mito y significado narrativo: una cuestión de categorías -- La hermenéutica de la comprensión -- "Comprensión" y continuidad narrativa.
630 0 7 _aBiblia
_xCrítica, interpretación, etc.
942 _cBK